Valencia Full Squads (2000-) - Statistics

General Stats
  • This quiz has been taken 206 times
  • The average score is 281 of 625
Answer Stats
Year # Pos/Country Answer % Correct
2021-2022 28 GK Giorgi Mamardashvili
92%
2022-2023 25 GK Giorgi Mamardashvili
92%
2023-2024 25 GK Giorgi Mamardashvili
92%
2024-2025 25 GK Giorgi Mamardashvili
92%
2017-2018 16 MF Geoffrey Kondogbia
88%
2018-2019 6 MF Geoffrey Kondogbia
88%
2019-2020 6 MF Geoffrey Kondogbia
88%
2020-2021 6 MF Geoffrey Kondogbia
88%
2006-2007 21 MF David Silva
81%
2007-2008 21 MF David Silva
81%
2008-2009 21 MF David Silva
81%
2009-2010 21 MF David Silva
81%
2017-2018 7 FW Gonçalo Guedes
81%
2018-2019 7 FW Gonçalo Guedes
81%
2019-2020 7 FW Gonçalo Guedes
81%
2020-2021 7 FW Gonçalo Guedes
81%
2021-2022 7 FW Gonçalo Guedes
81%
2019-2020 13 GK Jasper Cillessen
81%
2020-2021 13 GK Jasper Cillessen
81%
2021-2022 13 GK Jasper Cillessen
81%
2005-2006 7 FW David Villa
80%
2006-2007 7 FW David Villa
80%
2007-2008 7 FW David Villa
80%
2008-2009 7 FW David Villa
80%
2009-2010 7 FW David Villa
80%
2012-2013 36 DF José Gayà
79%
2014-2015 31 DF José Gayà
79%
2015-2016 14 DF José Gayà
79%
2016-2017 14 DF José Gayà
79%
2017-2018 14 DF José Gayà
79%
2018-2019 14 DF José Gayà
79%
2019-2020 14 DF José Gayà
79%
2020-2021 14 DF José Gayà
79%
2021-2022 14 DF José Gayà
79%
2022-2023 14 DF José Gayà
79%
2023-2024 14 DF José Gayà
79%
2024-2025 14 DF José Gayà
79%
2018-2019 16 FW Kang-in Lee
77%
2019-2020 16 FW Kang-in Lee
77%
2020-2021 20 FW Kang-in Lee
77%
2011-2012 21 MF Dani Parejo
75%
2012-2013 21 MF Dani Parejo
75%
2013-2014 21 MF Dani Parejo
75%
2014-2015 10 MF Dani Parejo
75%
2015-2016 10 MF Dani Parejo
75%
2016-2017 10 MF Dani Parejo
75%
2017-2018 10 MF Dani Parejo
75%
2018-2019 10 MF Dani Parejo
75%
2019-2020 10 MF Dani Parejo
75%
2011-2012 1 GK Diego Alves
75%
2012-2013 1 GK Diego Alves
75%
2013-2014 1 GK Diego Alves
75%
2014-2015 1 GK Diego Alves
75%
2015-2016 1 GK Diego Alves
75%
2016-2017 1 GK Diego Alves
75%
2017-2018 13 GK Neto
74%
2018-2019 13 GK Neto
74%
2000-2001 1 GK Santiago Cañizares
73%
2001-2002 1 GK Santiago Cañizares
73%
2002-2003 1 GK Santiago Cañizares
73%
2003-2004 1 GK Santiago Cañizares
73%
2004-2005 1 GK Santiago Cañizares
73%
2005-2006 1 GK Santiago Cañizares
73%
2006-2007 1 GK Santiago Cañizares
73%
2007-2008 1 GK Santiago Cañizares
73%
2008-2009 1 GK César Sánchez
72%
2009-2010 1 GK César Sánchez
72%
2010-2011 1 GK César Sánchez
72%
2018-2019 11 FW Denis Cheryshev
72%
2019-2020 11 FW Denis Cheryshev
72%
2020-2021 17 FW Denis Cheryshev
72%
2021-2022 17 FW Denis Cheryshev
72%
2019-2020 22 FW Maxi Gómez
72%
2020-2021 22 FW Maxi Gómez
72%
2021-2022 9 FW Maxi Gómez
72%
2018-2019 18 MF Daniel Wass
70%
2019-2020 18 MF Daniel Wass
70%
2020-2021 18 MF Daniel Wass
70%
2021-2022 18 MF Daniel Wass
70%
2022-2023 40 FW Diego López
70%
2023-2024 16 FW Diego López
70%
2024-2025 16 FW Diego López
70%
2007-2008 11 MF Éver Banega
70%
2009-2010 24 MF Éver Banega
70%
2010-2011 21 MF Éver Banega
70%
2011-2012 10 MF Éver Banega
70%
2012-2013 10 MF Éver Banega
70%
2013-2014 10 MF Éver Banega
70%
2017-2018 20 FW Ferran Torres
70%
2018-2019 20 FW Ferran Torres
70%
2019-2020 20 FW Ferran Torres
70%
2000-2001 17 FW Juan Sánchez
70%
2001-2002 17 FW Juan Sánchez
70%
2002-2003 11 FW Juan Sánchez
70%
2003-2004 11 FW Juan Sánchez
70%
2014-2015 21 MF André Gomes
69%
2015-2016 21 MF André Gomes
69%
2001-2002 23 DF Curro Torres
67%
2002-2003 23 DF Curro Torres
67%
2003-2004 23 DF Curro Torres
67%
2004-2005 23 DF Curro Torres
67%
2006-2007 23 DF Curro Torres
67%
2007-2008 16 MF Juan Mata
67%
2008-2009 16 MF Juan Mata
67%
2009-2010 10 MF Juan Mata
67%
2010-2011 10 MF Juan Mata
67%
2014-2015 20 MF Rodrigo De Paul
67%
2015-2016 20 MF Rodrigo De Paul
67%
2011-2012 8 MF Sofiane Feghouli
67%
2012-2013 8 MF Sofiane Feghouli
67%
2013-2014 8 MF Sofiane Feghouli
67%
2014-2015 8 MF Sofiane Feghouli
67%
2015-2016 8 MF Sofiane Feghouli
67%
2024-2025 17 FW Dani Gómez
65%
2017-2018 5 DF Gabriel Paulista
65%
2018-2019 5 DF Gabriel Paulista
65%
2019-2020 5 DF Gabriel Paulista
65%
2020-2021 5 DF Gabriel Paulista
65%
2021-2022 5 DF Gabriel Paulista
65%
2022-2023 5 DF Gabriel Paulista
65%
2023-2024 5 DF Gabriel Paulista
65%
2003-2004 18 FW Jorge López
65%
2006-2007 18 FW Jorge López
65%
2014-2015 2 DF João Cancelo
64%
2015-2016 2 DF João Cancelo
64%
2016-2017 2 DF João Cancelo
64%
2017-2018 7 DF João Cancelo
64%
2018-2019 9 FW Kévin Gameiro
64%
2019-2020 9 FW Kévin Gameiro
64%
2020-2021 9 FW Kévin Gameiro
64%
2014-2015 5 DF Shkodran Mustafi
64%
2015-2016 5 DF Shkodran Mustafi
64%
2010-2011 9 FW Roberto Soldado
63%
2011-2012 9 FW Roberto Soldado
63%
2012-2013 9 FW Roberto Soldado
63%
2000-2001 23 MF David Albelda
61%
2001-2002 6 MF David Albelda
61%
2002-2003 6 MF David Albelda
61%
2003-2004 6 MF David Albelda
61%
2004-2005 6 MF David Albelda
61%
2005-2006 6 MF David Albelda
61%
2006-2007 6 MF David Albelda
61%
2007-2008 6 MF David Albelda
61%
2008-2009 6 MF David Albelda
61%
2009-2010 6 MF David Albelda
61%
2010-2011 6 MF David Albelda
61%
2011-2012 6 MF David Albelda
61%
2012-2013 6 MF David Albelda
61%
2020-2021 30 MF Yunus Musah
61%
2021-2022 4 MF Yunus Musah
61%
2022-2023 4 MF Yunus Musah
61%
2021-2022 11 FW Hélder Costa
60%
2010-2011 20 DF Ricardo Costa
60%
2011-2012 20 DF Ricardo Costa
60%
2012-2013 20 DF Ricardo Costa
60%
2013-2014 20 DF Ricardo Costa
60%
2010-2011 24 MF Tino Costa
60%
2011-2012 24 MF Tino Costa
60%
2012-2013 24 MF Tino Costa
60%
2019-2020 3 DF Jaume Costa
59%
2000-2001 18 MF Kily González
59%
2001-2002 18 MF Kily González
59%
2002-2003 18 MF Kily González
59%
2018-2019 12 DF Mouctar Diakhaby
59%
2019-2020 12 DF Mouctar Diakhaby
59%
2020-2021 12 DF Mouctar Diakhaby
59%
2021-2022 12 DF Mouctar Diakhaby
59%
2022-2023 12 DF Mouctar Diakhaby
59%
2023-2024 4 DF Mouctar Diakhaby
59%
2024-2025 4 DF Mouctar Diakhaby
59%
2022-2023 17 MF Nico González
59%
2014-2015 23 DF Nicolás Otamendi
59%
2022-2023 7 FW Edinson Cavani
57%
2000-2001 6 MF Gaizka Mendieta
57%
2012-2013 12 DF João Pereira
57%
2013-2014 12 DF João Pereira
57%
2015-2016 25 GK Mathew Ryan
57%
2016-2017 25 GK Mathew Ryan
57%
2001-2002 12 DF Carlos Marchena
56%
2002-2003 12 DF Carlos Marchena
56%
2003-2004 5 DF Carlos Marchena
56%
2004-2005 5 DF Carlos Marchena
56%
2005-2006 5 DF Carlos Marchena
56%
2006-2007 5 DF Carlos Marchena
56%
2007-2008 5 DF Carlos Marchena
56%
2008-2009 5 DF Carlos Marchena
56%
2009-2010 5 DF Carlos Marchena
56%
2016-2017 24 DF Ezequiel Garay
56%
2017-2018 24 DF Ezequiel Garay
56%
2018-2019 24 DF Ezequiel Garay
56%
2019-2020 24 DF Ezequiel Garay
56%
2023-2024 30 FW Hugo González
56%
2013-2014 16 FW Paco Alcácer
56%
2014-2015 9 FW Paco Alcácer
56%
2015-2016 9 FW Paco Alcácer
56%
2016-2017 18 MF Carlos Soler
55%
2017-2018 18 MF Carlos Soler
55%
2018-2019 8 MF Carlos Soler
55%
2019-2020 8 MF Carlos Soler
55%
2020-2021 8 MF Carlos Soler
55%
2021-2022 10 MF Carlos Soler
55%
2022-2023 10 MF Carlos Soler
55%
2014-2015 15 MF Enzo Pérez
55%
2015-2016 15 MF Enzo Pérez
55%
2016-2017 8 MF Enzo Pérez
55%
2000-2001 22 MF Pablo Aimar
55%
2001-2002 21 MF Pablo Aimar
55%
2002-2003 21 MF Pablo Aimar
55%
2003-2004 21 MF Pablo Aimar
55%
2004-2005 21 MF Pablo Aimar
55%
2005-2006 21 MF Pablo Aimar
55%
2000-2001 12 DF Roberto Ayala
55%
2001-2002 4 DF Roberto Ayala
55%
2002-2003 4 DF Roberto Ayala
55%
2003-2004 4 DF Roberto Ayala
55%
2004-2005 4 DF Roberto Ayala
55%
2005-2006 4 DF Roberto Ayala
55%
2006-2007 4 DF Roberto Ayala
55%
2017-2018 11 MF Andreas Pereira
54%
2017-2018 17 MF Francis Coquelin
54%
2018-2019 17 MF Francis Coquelin
54%
2019-2020 17 MF Francis Coquelin
54%
2009-2010 22 DF Jérémy Mathieu
54%
2010-2011 22 DF Jérémy Mathieu
54%
2011-2012 22 DF Jérémy Mathieu
54%
2012-2013 22 DF Jérémy Mathieu
54%
2013-2014 22 DF Jérémy Mathieu
54%
2015-2016 22 FW Santi Mina
54%
2016-2017 22 FW Santi Mina
54%
2017-2018 22 FW Santi Mina
54%
2018-2019 22 FW Santi Mina
54%
2016-2017 12 FW Simone Zaza
54%
2017-2018 9 FW Simone Zaza
54%
2009-2010 28 DF Jordi Alba
53%
2010-2011 28 DF Jordi Alba
53%
2011-2012 17 DF Jordi Alba
53%
2008-2009 19 FW Pablo Hernández
53%
2009-2010 19 FW Pablo Hernández
53%
2010-2011 19 FW Pablo Hernández
53%
2011-2012 19 FW Pablo Hernández
53%
2014-2015 13 GK Yoel Rodríguez
52%
2014-2015 7 FW Álvaro Negredo
51%
2015-2016 7 FW Álvaro Negredo
51%
2012-2013 17 MF Andrés Guardado
51%
2013-2014 18 MF Andrés Guardado
51%
2006-2007 17 FW Joaquín
51%
2007-2008 17 FW Joaquín
51%
2008-2009 17 FW Joaquín
51%
2009-2010 17 FW Joaquín
51%
2010-2011 7 FW Joaquín
51%
2000-2001 7 FW John Carew
51%
2001-2002 7 FW John Carew
51%
2002-2003 7 FW John Carew
51%
2000-2001 19 MF Rubén Baraja
51%
2001-2002 8 MF Rubén Baraja
51%
2002-2003 8 MF Rubén Baraja
51%
2003-2004 8 MF Rubén Baraja
51%
2004-2005 8 MF Rubén Baraja
51%
2005-2006 8 MF Rubén Baraja
51%
2006-2007 8 MF Rubén Baraja
51%
2007-2008 8 MF Rubén Baraja
51%
2008-2009 8 MF Rubén Baraja
51%
2009-2010 8 MF Rubén Baraja
51%
2011-2012 4 DF Adil Rami
50%
2012-2013 4 DF Adil Rami
50%
2022-2023 29 FW Fran Pérez
50%
2023-2024 23 FW Fran Pérez
50%
2024-2025 23 FW Fran Pérez
50%
2014-2015 26 GK Jaume Doménech
50%
2015-2016 13 GK Jaume Doménech
50%
2016-2017 13 GK Jaume Doménech
50%
2017-2018 1 GK Jaume Doménech
50%
2018-2019 1 GK Jaume Doménech
50%
2019-2020 1 GK Jaume Doménech
50%
2020-2021 1 GK Jaume Doménech
50%
2021-2022 1 GK Jaume Doménech
50%
2023-2024 1 GK Jaume Doménech
50%
2017-2018 4 DF Jeison Murillo
50%
2018-2019 4 DF Jeison Murillo
50%
2016-2017 7 MF Mario Suárez
50%
2019-2020 2 DF Thierry Correia
50%
2020-2021 2 DF Thierry Correia
50%
2021-2022 2 DF Thierry Correia
50%
2022-2023 2 DF Thierry Correia
50%
2023-2024 12 DF Thierry Correia
50%
2024-2025 12 DF Thierry Correia
50%
2010-2011 18 FW Jonas
49%
2011-2012 7 FW Jonas
49%
2012-2013 7 FW Jonas
49%
2013-2014 7 FW Jonas
49%
2003-2004 27 DF Raúl Albiol
49%
2005-2006 16 DF Raúl Albiol
49%
2006-2007 20 DF Raúl Albiol
49%
2007-2008 4 DF Raúl Albiol
49%
2008-2009 4 DF Raúl Albiol
49%
2014-2015 17 FW Rodrigo
49%
2015-2016 17 FW Rodrigo
49%
2016-2017 19 FW Rodrigo
49%
2017-2018 19 FW Rodrigo
49%
2018-2019 19 FW Rodrigo
49%
2019-2020 19 FW Rodrigo
49%
2005-2006 2 DF Miguel
48%
2006-2007 2 DF Miguel
48%
2007-2008 23 DF Miguel
48%
2008-2009 23 DF Miguel
48%
2009-2010 23 DF Miguel
48%
2010-2011 23 DF Miguel
48%
2011-2012 23 DF Miguel
48%
2006-2007 9 FW Fernando Morientes
47%
2007-2008 9 FW Fernando Morientes
47%
2008-2009 9 FW Fernando Morientes
47%
2021-2022 19 FW Hugo Duro
47%
2022-2023 19 FW Hugo Duro
47%
2023-2024 9 FW Hugo Duro
47%
2024-2025 9 FW Hugo Duro
47%
2018-2019 23 FW Michy Batshuayi
47%
2015-2016 4 DF Aderllan Santos
45%
2016-2017 4 DF Aderllan Santos
45%
2015-2016 23 DF Aymen Abdennour
44%
2016-2017 23 DF Aymen Abdennour
44%
2016-2017 5 DF Eliaquim Mangala
44%
2019-2020 4 DF Eliaquim Mangala
44%
2020-2021 4 DF Eliaquim Mangala
44%
2022-2023 9 MF Justin Kluivert
44%
2007-2008 3 MF Manuel Fernandes
44%
2008-2009 18 MF Manuel Fernandes
44%
2009-2010 18 MF Manuel Fernandes
44%
2010-2011 18 MF Manuel Fernandes
44%
2005-2006 9 FW Patrick Kluivert
44%
2000-2001 14 FW Vicente
44%
2001-2002 14 FW Vicente
44%
2002-2003 14 FW Vicente
44%
2003-2004 14 FW Vicente
44%
2004-2005 14 FW Vicente
44%
2005-2006 14 FW Vicente
44%
2006-2007 14 FW Vicente
44%
2007-2008 14 FW Vicente
44%
2008-2009 14 FW Vicente
44%
2009-2010 14 FW Vicente
44%
2010-2011 14 FW Vicente
44%
2013-2014 17 FW Eduardo Vargas
43%
2001-2002 22 MF Gonzalo de los Santos
43%
2002-2003 22 MF Gonzalo de los Santos
43%
2021-2022 20 DF Dimitri Foulquier
42%
2022-2023 20 DF Dimitri Foulquier
42%
2023-2024 20 DF Dimitri Foulquier
42%
2024-2025 20 DF Dimitri Foulquier
42%
2019-2020 33 MF Hugo Guillamón
42%
2020-2021 15 MF Hugo Guillamón
42%
2021-2022 6 MF Hugo Guillamón
42%
2022-2023 6 MF Hugo Guillamón
42%
2023-2024 6 MF Hugo Guillamón
42%
2024-2025 6 MF Hugo Guillamón
42%
2018-2019 21 DF Cristiano Piccini
41%
2000-2001 15 DF Amedeo Carboni
40%
2001-2002 15 DF Amedeo Carboni
40%
2002-2003 15 DF Amedeo Carboni
40%
2003-2004 15 DF Amedeo Carboni
40%
2004-2005 15 DF Amedeo Carboni
40%
2005-2006 15 DF Amedeo Carboni
40%
2024-2025 11 FW Rafa Mir
40%
2010-2011 5 MF Mehmet Topal
39%
2011-2012 5 MF Mehmet Topal
39%
2016-2017 9 FW Munir El Haddadi
39%
2013-2014 11 MF Seydou Keita
39%
2024-2025 13 GK Stole Dimitrievski
39%
2008-2009 33 GK Vicente Guaita
39%
2010-2011 13 GK Vicente Guaita
39%
2011-2012 13 GK Vicente Guaita
39%
2012-2013 13 GK Vicente Guaita
39%
2013-2014 13 GK Vicente Guaita
39%
2011-2012 18 DF Víctor Ruiz
39%
2012-2013 18 DF Víctor Ruiz
39%
2013-2014 5 DF Víctor Ruiz
39%
2021-2022 23 MF Ilaix Moriba
38%
2022-2023 8 MF Ilaix Moriba
38%
2022-2023 36 MF Javi Guerra
38%
2023-2024 8 MF Javi Guerra
38%
2024-2025 8 MF Javi Guerra
38%
2023-2024 22 FW Alberto Marí
37%
2010-2011 11 FW Aritz Aduriz
37%
2011-2012 11 FW Aritz Aduriz
37%
2022-2023 18 MF André Almeida
36%
2023-2024 10 MF André Almeida
36%
2024-2025 10 MF André Almeida
36%
2012-2013 5 MF Fernando Gago
36%
2013-2014 9 FW Hélder Postiga
36%
2000-2001 10 FW Miguel Ángel Angulo
36%
2001-2002 10 FW Miguel Ángel Angulo
36%
2002-2003 10 FW Miguel Ángel Angulo
36%
2003-2004 10 FW Miguel Ángel Angulo
36%
2004-2005 10 FW Miguel Ángel Angulo
36%
2005-2006 10 FW Miguel Ángel Angulo
36%
2006-2007 10 FW Miguel Ángel Angulo
36%
2007-2008 10 FW Miguel Ángel Angulo
36%
2008-2009 10 FW Miguel Ángel Angulo
36%
2011-2012 14 MF Pablo Piatti
36%
2012-2013 11 MF Pablo Piatti
36%
2013-2014 2 MF Pablo Piatti
36%
2014-2015 11 MF Pablo Piatti
36%
2015-2016 11 MF Pablo Piatti
36%
2023-2024 18 MF Pepelu
36%
2024-2025 18 MF Pepelu
36%
2012-2013 33 DF Salva Ruiz
36%
2023-2024 3 DF Cristhian Mosquera
35%
2024-2025 3 DF Cristhian Mosquera
35%
2000-2001 2 DF Mauricio Pellegrino
35%
2001-2002 2 DF Mauricio Pellegrino
35%
2002-2003 2 DF Mauricio Pellegrino
35%
2003-2004 2 DF Mauricio Pellegrino
35%
2004-2005 2 DF Mauricio Pellegrino
35%
2012-2013 16 FW Nelson Valdez
35%
2024-2025 12 FW Umar Sadiq
35%
2004-2005 11 FW Marco Di Vaio
34%
2005-2006 22 FW Marco Di Vaio
34%
2003-2004 25 MF Mohamed Sissoko
34%
2004-2005 16 MF Mohamed Sissoko
34%
2016-2017 17 FW Nani
34%
2022-2023 16 FW Samuel Lino
34%
2007-2008 13 GK Timo Hildebrand
34%
2021-2022 32 DF Jesús Vázquez
33%
2022-2023 21 DF Jesús Vázquez
33%
2023-2024 21 DF Jesús Vázquez
33%
2024-2025 21 DF Jesús Vázquez
33%
2000-2001 20 DF Jocelyn Angloma
33%
2001-2002 20 DF Jocelyn Angloma
33%
2000-2001 5 DF Miroslav Djukic
33%
2001-2002 5 DF Miroslav Djukic
33%
2002-2003 5 DF Miroslav Djukic
33%
2017-2018 30 DF Nacho Vidal
33%
2021-2022 15 DF Omar Alderete
33%
2001-2002 19 FW Francisco Rufete
32%
2002-2003 19 FW Francisco Rufete
32%
2003-2004 19 FW Francisco Rufete
32%
2004-2005 19 FW Francisco Rufete
32%
2005-2006 19 FW Francisco Rufete
32%
2007-2008 18 FW Nikola Zigic
32%
2009-2010 9 FW Nikola Zigic
32%
2000-2001 25 GK Andrés Palop
31%
2001-2002 13 GK Andrés Palop
31%
2002-2003 13 GK Andrés Palop
31%
2003-2004 13 GK Andrés Palop
31%
2004-2005 13 GK Andrés Palop
31%
2011-2012 28 DF Juan Bernat
31%
2012-2013 28 DF Juan Bernat
31%
2013-2014 14 DF Juan Bernat
31%
2013-2014 4 DF Philippe Senderos
31%
2023-2024 17 FW Roman Yaremchuk
31%
2020-2021 19 MF Uroš Račić
31%
2021-2022 8 MF Uroš Račić
31%
2004-2005 24 DF Emiliano Moretti
30%
2005-2006 24 DF Emiliano Moretti
30%
2006-2007 24 DF Emiliano Moretti
30%
2007-2008 24 DF Emiliano Moretti
30%
2008-2009 24 DF Emiliano Moretti
30%
2016-2017 15 FW Fabián Orellana
30%
2017-2018 15 FW Fabián Orellana
30%
2013-2014 15 MF Javi Fuego
30%
2014-2015 18 MF Javi Fuego
30%
2015-2016 18 MF Javi Fuego
30%
2001-2002 31 DF David Navarro
29%
2002-2003 27 DF David Navarro
29%
2003-2004 17 DF David Navarro
29%
2004-2005 17 DF David Navarro
29%
2005-2006 17 DF David Navarro
29%
2006-2007 17 DF David Navarro
29%
2009-2010 4 DF David Navarro
29%
2010-2011 4 DF David Navarro
29%
2016-2017 26 DF Toni Lato
29%
2017-2018 15 DF Toni Lato
29%
2018-2019 15 DF Toni Lato
29%
2020-2021 3 DF Toni Lato
29%
2021-2022 3 DF Toni Lato
29%
2022-2023 3 DF Toni Lato
29%
2000-2001 11 FW Adrian Ilie
28%
2001-2002 11 FW Adrian Ilie
28%
2019-2020 25 DF Alessandro Florenzi
28%
2011-2012 12 DF Antonio Barragán
28%
2012-2013 14 DF Antonio Barragán
28%
2013-2014 19 DF Antonio Barragán
28%
2014-2015 19 DF Antonio Barragán
28%
2015-2016 19 DF Antonio Barragán
28%
2021-2022 24 DF Eray Cömert
28%
2022-2023 24 DF Eray Cömert
28%
2007-2008 3 MF Hedwiges Maduro
28%
2008-2009 3 MF Hedwiges Maduro
28%
2009-2010 3 MF Hedwiges Maduro
28%
2010-2011 3 MF Hedwiges Maduro
28%
2011-2012 3 MF Hedwiges Maduro
28%
2007-2008 15 DF Iván Helguera
28%
2008-2009 15 DF Iván Helguera
28%
2001-2002 24 FW Mista
28%
2002-2003 20 FW Mista
28%
2003-2004 20 FW Mista
28%
2004-2005 20 FW Mista
28%
2005-2006 20 FW Mista
28%
2017-2018 6 MF Nemanja Maksimovic
28%
2014-2015 3 DF Rúben Vezo
27%
2015-2016 3 DF Rúben Vezo
27%
2017-2018 3 DF Rúben Vezo
27%
2018-2019 3 DF Rúben Vezo
27%
2015-2016 16 FW Zakaria Bakkali
27%
2016-2017 11 FW Zakaria Bakkali
27%
2012-2013 3 DF Aly Cissokho
26%
2000-2001 4 MF Didier Deschamps
26%
2016-2017 21 DF Martín Montoya
26%
2017-2018 21 DF Martín Montoya
26%
2003-2004 7 FW Ricardo Oliveira
26%
2009-2010 25 MF Alejandro Domínguez
25%
2010-2011 8 MF Alejandro Domínguez
25%
2021-2022 21 FW Bryan Gil
25%
2014-2015 22 MF Carles Gil
24%
2024-2025 15 DF César Tárrega
24%
2024-2025 5 MF Enzo Barrenechea
24%
2000-2001 16 DF Fábio Aurélio
24%
2001-2002 3 DF Fábio Aurélio
24%
2002-2003 3 DF Fábio Aurélio
24%
2003-2004 3 DF Fábio Aurélio
24%
2004-2005 3 DF Fábio Aurélio
24%
2005-2006 3 DF Fábio Aurélio
24%
2021-2022 22 FW Marcos André
24%
2022-2023 22 FW Marcos André
24%
2017-2018 31 FW Nacho Gil
24%
2009-2010 2 DF Bruno Saltor
23%
2010-2011 2 DF Bruno Saltor
23%
2011-2012 2 DF Bruno Saltor
23%
2000-2001 9 FW Diego Alonso
23%
2009-2010 13 GK Miguel Ángel Moyá
23%
2010-2011 25 GK Miguel Ángel Moyá
23%
2011-2012 16 MF Sergio Canales
23%
2012-2013 23 MF Sergio Canales
23%
2013-2014 23 MF Sergio Canales
23%
2022-2023 15 DF Cenk Özkacar
22%
2023-2024 15 DF Cenk Özkacar
22%
2010-2011 17 DF Marius Stankevicius
22%
2022-2023 11 FW Samu Castillejo
22%
2007-2008 20 DF Alexis Ruano
21%
2008-2009 20 DF Alexis Ruano
21%
2009-2010 20 DF Alexis Ruano
21%
2004-2005 9 FW Bernardo Corradi
21%
2005-2006 13 GK Juan Luis Mora
21%
2017-2018 8 FW Luciano Vietto
20%
2000-2001 8 MF Zlatko Zahovic
20%
2024-2025 22 FW Luis Rioja
19%
2004-2005 12 DF Marco Caneira
18%
2005-2006 12 DF Marco Caneira
18%
2007-2008 12 DF Marco Caneira
18%
2009-2010 15 DF Ángel Dealbert
17%
2010-2011 15 DF Ángel Dealbert
17%
2011-2012 15 DF Ángel Dealbert
17%
2006-2007 3 DF Asier del Horno
17%
2008-2009 11 DF Asier del Horno
17%
2015-2016 12 MF Danilo Barbosa
17%
2018-2019 4 DF Facundo Roncaglia
17%
2013-2014 28 FW Fede Cartabia
17%
2016-2017 16 FW Fede Cartabia
17%
2015-2016 6 DF Guilherme Siqueira
17%
2016-2017 6 DF Guilherme Siqueira
17%
2014-2015 6 DF Lucas Orbán
17%
2015-2016 6 DF Lucas Orbán
17%
2008-2009 13 GK Renan Soares
17%
2001-2002 9 FW Salva Ballesta
17%
2002-2003 9 FW Salva Ballesta
17%
2023-2024 19 MF Selim Amallah
17%
2004-2005 7 MF Stefano Fiore
17%
2023-2024 34 DF Yarek Gasiorowski
17%
2024-2025 24 DF Yarek Gasiorowski
17%
2023-2024 7 FW Sergi Canós
16%
2024-2025 7 FW Sergi Canós
16%
2013-2014 11 FW Dorlan Pabón
15%
2005-2006 22 MF Edú Gaspar
15%
2006-2007 22 MF Edú Gaspar
15%
2007-2008 22 MF Edú Gaspar
15%
2008-2009 22 MF Edú Gaspar
15%
2008-2009 30 MF Míchel Herrero
15%
2009-2010 30 MF Míchel Herrero
15%
2013-2014 24 MF Míchel Herrero
15%
2009-2010 16 FW Miku
15%
2023-2024 11 FW Peter Federico
15%
2007-2008 2 MF Sunny
15%
2002-2003 17 DF Anthony Réveillère
14%
2007-2008 19 FW Javier Arizmendi
14%
2000-2001 3 DF Joachim Björklund
14%
2019-2020 15 FW Manu Vallejo
14%
2020-2021 21 FW Manu Vallejo
14%
2018-2019 23 FW Rubén Sobrino
14%
2019-2020 23 FW Rubén Sobrino
14%
2020-2021 11 FW Rubén Sobrino
14%
2020-2021 16 FW Álex Blanco
12%
2020-2021 25 GK Cristian Rivero
12%
2000-2001 24 DF Gerardo
12%
2014-2015 27 FW Rober Ibáñez
12%
2012-2013 15 MF Jonathan Viera
11%
2016-2017 20 MF Álvaro Medrán
10%
2003-2004 16 MF Fabián Canobbio
10%
2014-2015 4 MF Filipe Augusto
10%
2005-2006 16 MF Hugo Viana
10%
2006-2007 16 MF Hugo Viana
10%
2008-2009 25 MF Hugo Viana
10%
2013-2014 6 MF Oriol Romeu
10%
2003-2004 28 GK David Rangel
9%
2024-2025 30 FW Germán Valera
9%
2024-2025 17 MF Iván Jaime
9%
2005-2006 25 GK Ludovic Butelle
9%
2006-2007 25 GK Ludovic Butelle
9%
2023-2024 27 MF Pablo Gozálbez
9%
2003-2004 24 FW Xisco Muñoz
9%
2004-2005 18 FW Xisco Muñoz
9%
2014-2015 16 MF Bruno Zuculini
8%
2000-2001 21 MF Luis Milla
8%
2020-2021 23 FW Jason
7%
2020-2021 26 MF Vicente Esquerdo
7%
2006-2007 11 FW Jaime Gavilán
6%
2001-2002 34 DF Javier Garrido
6%
2002-2003 34 DF Javier Garrido
6%
2003-2004 12 DF Javier Garrido
6%
2005-2006 11 FW Mario Regueiro
6%
2006-2007 11 FW Mario Regueiro
6%
2004-2005 36 DF Rafael Santacruz
6%
2014-2015 28 MF Tropi
6%
2000-2001 22 MF Líbero Parri
5%
2004-2005 37 DF Manuel Ruz
5%
2006-2007 35 MF Miguel Pallardó
5%
2002-2003 36 MF Borja Criado
4%
2006-2007 26 DF David Cerra
4%
No matching quizzes found
Score Distribution
Percent of People with Each Score
Percentile by Number Answered
Your Score History
You have not taken this quiz